Güneşin doğuşu ve öyküsü (Record no. 9351)

MARC details
000 -BAŞLIK
Sabit Uzunlukta Kontrol Alanı 00648na a2200217 4500
001 - KONTROL NUMARASI
Denetim Alanı 13949
003 - KONTROL NUMARASI IDENTIFIER
Denetim Alanı MIRAKIL
005 - SON İŞLEM TARİHİ VE ZAMANI
Denetim Alanı 20181213155244.0
008 - SABİT-BOY VERİ ELEMANLARI - GENEL BİLGİLER
Sabit Uzunlukta Kontrol Alanı 160822b tu 000 0
035 ## - SİSTEM KONTROL NUMARASI
Sistem Kontrol Numarası 13949
040 ## - KATALOGLAMA KAYNAK
Orijinal Kataloglama Ajansı Milas
Kataloglama Dili tur
Metne Dönüştürmek Ajansı TR-AnCHP
082 ## - DEWEY ONLU SINIFLANDIRMA NUMARASI
Sınıflandırma Numarası ATA 956.1024
Ürün Numarası B27g 2003
090 ## - SINIFLAMA NUMARASI
Sınıflama Numarası ATA 956.1024 B27g 2003
100 ## - ANA GİRİŞ - KİŞİSEL İSİM
Kişisel Ad Baştimar, Ömer
245 ## - BAŞLIK TABLOSU
Başlık Güneşin doğuşu ve öyküsü
Sorumluluk Tablosu, Vb Ömer Baştimar
260 ## - YAYIN, DAĞITIM, VB
Yayın, Dağıtım, Vb Yeri Mersin
Yayıncı, Dağıtıcı, Vs Adı [yayl.y.]
Yayın, Dağıtım, Vb Tarihi 2003
300 ## - FİZİKSEL TANIM
Kapsam 200 s.
Boyutlar 19 sm.
600 ## - KONU KATMA GİRİŞ - KURUMSAL ADI
Kişisel Ad Atatürk, Mustafa Kemal
Bir Adıyla İlişkilendirilen Tarihler 1881-1938
Genel Alt Bölümü Atatürk devrimleri
600 ## - KONU KATMA GİRİŞ - KURUMSAL ADI
Kişisel Ad Atatürk, Mustafa Kemal
Bir Adıyla İlişkilendirilen Tarihler 1881-1938
Genel Alt Bölümü Kurtuluş Savaşı
942 ## - EKLENDİ GİRİŞ ELEMANLARI (KOHA)
Sınıflandırma Veya Raf Düzeni Kaynak Dewey Decimal Classification
Koha Öğesi Türü Books
999 ## - SİSTEM KONTROL NUMARALARI (KOHA)
Koha Biblionumber 9351
Koha Biblioitemnumber 9351
Holdings
Kalıcı Konum Mevcut Konum Edinme Tarihi Edinim Kaynak Toplam Check-Out'Lar Tam Çağrı Numarası Barkod Tarih Son Görülme İtibaren Geçerli Fiyatlar Koha Öğesi Türü
CHP Kütüphanesi CHP Kütüphanesi 08/22/2016 Bağış   ATA 956.1024 B27g 2003 001759 08/22/2016 08/22/2016 Books